000 00939nam a22002297a 4500
999 _c4646
_d4646
003 AR-CdUCM
008 190311b ||||| |||| 00| 0 spa d
040 _aMUNICIPALIDAD PROVINCIAL DEL CUSCO
_cBIBLIOTECA MUNICIPAL DEL CUSCO
082 _23ed.
_a509.2 /
_b B98
100 _aBustos Chávez, Cristóbal D.
_914471
245 _aLa vida y obra del sabio Antonio Raimondi Dell'Acqua /
260 _aLima :
_bTalleres de Editora Ital Perú,
_c1990.
300 _a176 paginas ;
_c20 cm.
500 _aHomenaje en el año del Centenario del fallecimiento del sabio Antonio Raimondi
505 _aQuien fue Antonio Raimondi -- Por que Raimondi vino al Perú -- Raimondi : sinteis de virtudes humanas -- La amazonia y los apuntes de Raimondi -- El museo de Raimondi...
650 _aAntonio Raimondi
_9286
650 _aBiografia
_9437
650 _aAmazonia
_93433
710 _aCONCYTEC,
_92809
942 _2ddc
_cLIBROS
945 _awnts